MARC details
| 000 -LEADER |
| fixed length control field |
02902fam a2200361 a 4500 |
| 001 - CONTROL NUMBER |
| control field |
2247099 |
| 003 - CONTROL NUMBER IDENTIFIER |
| control field |
ARRUPE |
| 005 - DATE AND TIME OF LATEST TRANSACTION |
| control field |
20150128161802.0 |
| 008 - FIXED-LENGTH DATA ELEMENTS--GENERAL INFORMATION |
| fixed length control field |
980813s1999 nyu b 001 0 eng |
| 010 ## - LIBRARY OF CONGRESS CONTROL NUMBER |
| LC control number |
98037113 |
| 020 ## - INTERNATIONAL STANDARD BOOK NUMBER |
| International Standard Book Number |
0465056733 |
| 035 ## - SYSTEM CONTROL NUMBER |
| System control number |
(OCoLC)39837796 |
| 035 ## - SYSTEM CONTROL NUMBER |
| System control number |
(OCoLC)ocm39837796 |
| 035 ## - SYSTEM CONTROL NUMBER |
| System control number |
(NNC)2247099 |
| 040 ## - CATALOGING SOURCE |
| Original cataloging agency |
DLC |
| Transcribing agency |
DLC |
| Modifying agency |
NNC |
| -- |
OrLoB-B |
| 050 00 - LIBRARY OF CONGRESS CALL NUMBER |
| Classification number |
BD418.3 |
| Item number |
.L35 1999 |
| 082 00 - DEWEY DECIMAL CLASSIFICATION NUMBER |
| Classification number |
128 |
| Edition number |
21 |
| 300 ## - PHYSICAL DESCRIPTION |
| Other physical details |
ill. ; |
| Dimensions |
25 cm. |
| 100 1# - MAIN ENTRY--PERSONAL NAME |
| Personal name |
Lakoff, George. |
| 9 (RLIN) |
14688 |
| 245 10 - TITLE STATEMENT |
| Title |
Philosophy in the flesh : |
| Remainder of title |
the embodied mind and its challenge to western thought / |
| Statement of responsibility, etc |
by George Lakoff and Mark Johnson. |
| 260 ## - PUBLICATION, DISTRIBUTION, ETC. (IMPRINT) |
| Place of publication, distribution, etc |
New York : |
| Name of publisher, distributor, etc |
Basic Books, |
| Date of publication, distribution, etc |
1999. |
| 263 ## - PROJECTED PUBLICATION DATE |
| Projected publication date |
9901 |
| 300 ## - PHYSICAL DESCRIPTION |
| Extent |
xiv, 624 p. : |
| 504 ## - BIBLIOGRAPHY, ETC. NOTE |
| Bibliography, etc |
Includes bibliographical references (p. 584-601) and index. |
| 505 00 - FORMATTED CONTENTS NOTE |
| Miscellaneous information |
Pt. I. |
| Title |
How the Embodied Mind Challenges the Western Philosophical Tradition. |
| Miscellaneous information |
1. |
| Title |
Introduction: Who Are We? |
| Miscellaneous information |
2. |
| Title |
The Cognitive Unconscious. |
| Miscellaneous information |
3. |
| Title |
The Embodied Mind. |
| Miscellaneous information |
4. |
| Title |
Primary Metaphor and Subjective Experience. |
| Miscellaneous information |
5. |
| Title |
The Anatomy of Complex Metaphor. |
| Miscellaneous information |
6. |
| Title |
Embodied Realism: Cognitive Science Versus A Priori Philosophy. |
| Miscellaneous information |
7. |
| Title |
Realism and Truth. |
| Miscellaneous information |
8. |
| Title |
Metaphor and Truth -- |
| Miscellaneous information |
Pt. II. |
| Title |
The Cognitive Science of Basic Philosophical Ideas. |
| Miscellaneous information |
9. |
| Title |
The Cognitive Science of Philosophical Ideas. |
| Miscellaneous information |
10. |
| Title |
Time. |
| Miscellaneous information |
11. |
| Title |
Events and Causes. |
| Miscellaneous information |
12. |
| Title |
The Mind. |
| Miscellaneous information |
13. |
| Title |
The Self. |
| Miscellaneous information |
14. |
| Title |
Morality -- |
| Miscellaneous information |
Pt. III. |
| Title |
The Cognitive Science of Philosophy. |
| Miscellaneous information |
15. |
| Title |
The Cognitive Science of Philosophy. |
| Miscellaneous information |
16. |
| Title |
The Pre-Socratics: the Cognitive Science of Early Greek Metaphysics. |
| Miscellaneous information |
17. |
| Title |
Plato. |
| Miscellaneous information |
18. |
| Title |
Aristotle. |
| Miscellaneous information |
19. |
| Title |
Descartes and the Enlightenment Mind. |
| Miscellaneous information |
20. |
| Title |
Kantian Morality. |
| Miscellaneous information |
21. |
| Title |
Analytic Philosophy. |
| Miscellaneous information |
22. |
| Title |
Chomsky's Philosophy and Cognitive Linguistics. |
| Miscellaneous information |
23. |
| Title |
The Theory of Rational Action. |
| Miscellaneous information |
24. |
| Title |
How Philosophical Theories Work -- |
| 505 80 - FORMATTED CONTENTS NOTE |
| Miscellaneous information |
Pt. IV. |
| Title |
Embodied Philosophy. |
| Miscellaneous information |
25. |
| Title |
Philosophy in the Flesh. |
| Miscellaneous information |
App. |
| Title |
The Neural Theory of Language Paradigm. |
| 520 ## - SUMMARY, ETC. |
| Summary, etc |
Lakoff and Johnson show that a philosophy responsible to the science of mind offers radically new and detailed understandings of what a person is. After first describing the philosophical stance that must follow from taking cognitive science seriously, they re-examine the basic concepts of the mind, time, causation, morality, and the self: then they rethink a host of philosophical traditions, from the classical Greeks through Kantian morality through modern analytic philosophy. |
| 520 8# - SUMMARY, ETC. |
| Summary, etc |
They reveal the metaphorical structure underlying each mode of thought and show how the metaphysics of each theory flows from its metaphors. Finally, they take on two major issues of twentieth-century philosophy: how we conceive rationality, and how we conceive language. |
| 650 #0 - SUBJECT ADDED ENTRY--TOPICAL TERM |
| Topical term or geographic name as entry element |
Philosophy of mind. |
| 9 (RLIN) |
14689 |
| 650 #0 - SUBJECT ADDED ENTRY--TOPICAL TERM |
| Topical term or geographic name as entry element |
Cognitive science. |
| 9 (RLIN) |
2345 |
| 700 1# - ADDED ENTRY--PERSONAL NAME |
| Personal name |
Johnson, Mark, |
| Dates associated with a name |
1949- |
| 9 (RLIN) |
14690 |
| 900 ## - EQUIVALENCE OR CROSS-REFERENCE-PERSONAL NAME [LOCAL, CANADA] |
| Numeration |
TOC |
| 942 ## - ADDED ENTRY ELEMENTS (KOHA) |
| Source of classification or shelving scheme |
Library of Congress Classification |
| Koha item type |
Monograph ( Printed materials) |